| 000 | 00843nam a2200289Ia 4500 | ||
|---|---|---|---|
| 003 | OSt | ||
| 005 | 20220918165324.0 | ||
| 006 | a|||||r|||| 00| 0 | ||
| 007 | ta | ||
| 008 | 220917b |||||||| |||| 00| 0 eng d | ||
| 020 | _a3039106759 (pbk) | ||
| 024 | _a232,256 | ||
| 037 | _cTextual | ||
| 040 |
_aARTS _cARTS _beng |
||
| 041 |
_2eng _aeng |
||
| 082 | _aP, P6 | ||
| 100 |
_aHornero Ana Maria Ed. _923779 |
||
| 245 | 0 |
_aCorpus linguistics _b applications for the study of English |
|
| 260 |
_aBern _bPeter Lang _c2006 |
||
| 300 |
_a526p. _ccm. |
||
| 490 | _aLinguistic insights | ||
| 650 | _aLINGUISTICS | ||
| 700 |
_a Luzon Maria Jose Ed. _923780 |
||
| 700 |
_a Murillo Silvia Ed. _923781 |
||
| 942 |
_hP, P6 _cTEXL _2CC |
||
| 999 |
_c129293 _d129293 |
||